[Event "VIE-ch U07 Girls"]
[Site "Ho Chi Minh City"]
[Date "2014.07.16"]
[Round "6"]
[White "Nguyen, Bui Khanh Hang"]
[Black "Le, Gia Linh"]
[Result "1-0"]
[WhiteElo "1435"]
[BlackElo "1440"]
[PlyCount "61"]
[EventDate "2014.07.13"]
[EventType "swiss"]
[EventRounds "9"]
[EventCountry "VIE"]
[SourceTitle "EXT 2016"]
[Source "ChessBase"]
[SourceDate "2015.10.08"]
[SourceVersion "1"]
[SourceVersionDate "2015.10.08"]
[SourceQuality "1"]

1. e4 e5 2. Nf3 Nc6 3. Bc4 Bc5 4. d3 d6 5. Ng5 Qf6 6. 0-0 Be6 7. Nxe6 fxe6 8. Nc3 Nge7 9. Kh1 0-0 10. f4 exf4 11. Bxf4 Qg6 12. Bg3 Rxf1+ 13. Qxf1 Rf8 14. Qe2 Kh8 15. Bh4 Qf7 16. Rf1 Qg6 17. Rxf8+ Ng8 18. Rxg8+ Kxg8 19. h3 Qh6 20. Qg4 Qc1+ 21. Kh2 Qg1+ 22. Kg3 Bf2+ 23. Kf4 Be3+ 24. Kf3 Nd4+ 25. Kg3 Kh8 26. Bxe6 Qf2+ 27. Kh2 Bf4+ 28. Bg3 Nxe6 29. Ne2 Bxg3+ 30. Nxg3 Nf4 31. Qc8# 1-0